Dance Moms - Statistics

General Stats
  • This quiz has been taken 783 times
  • The average score is 10 of 12
Answer Stats
Hint Answer % Correct
Who is the youngest dancer? Mackenzie
99%
Who is abby's favourite? Maddie
99%
Who played Rosa Parks? Nia
98%
Who had a chair thrown at her? Paige
95%
Who loves acro? Brooke
94%
Who one season two nationals? Chloe
93%
Who is the studio owner called? Abby
91%
Who danced at abby's studio when she was little? Kelly
90%
Who has is nicknamed Dr.......? Holly
88%
Who's daughters always second best? Christi
82%
Who is one of the main choreographer? Gianna
82%
Who is abby's best friend? Mellissa
16%
No matching quizzes found
Score Distribution
Percent of People with Each Score
Percentile by Number Answered
Your Score History
You have not taken this quiz